[Event "Daventry 4NCL U2000"]
[Site "Daventry"]
[Date "2025.04.19"]
[Round "3.3"]
[White "Bramson, Mike"]
[Black "Carter, Bowie"]
[Result "0-1"]
[WhiteElo "1953"]
[BlackElo "1858"]
[PlyCount "148"]
[EventDate "2025.04.18"]
[EventType "swiss"]
[EventRounds "7"]
[EventCountry "ENG"]
[SourceTitle "BritBase"]
[Source "John Saunders"]
[SourceDate "2025.09.17"]
[SourceVersion "1"]
[SourceVersionDate "2025.09.17"]
[SourceQuality "1"]

1. e4 c5 2. Nf3 Nc6 3. d4 cxd4 4. Nxd4 Nf6 5. Nc3 g6 6. Be2 Bg7 7. Be3 d6 8. O-O O-O 9. h3 Bd7 10. Qd2 Re8 11. Rad1 a6 12. f4 b5 13. a3 Nxd4 14. Bxd4 Bc6 15. Bf3 Nd7 16. Bxg7 Kxg7 17. Ne2 Qb6+ 18. Kh1 Rac8 19. Ng3 Red8 20. f5 Ne5 21. fxg6 hxg6 22. Qg5 f6 23. Nf5+ Kf7 24. Qh6 Ke6 25. Qe3 Qxe3 26. Nxe3 Nxf3 27. gxf3 Rh8 28. Kg2 Kf7 29. c3 Bd7 30. Rh1 Be6 31. h4 Rc5 32. Rh2 a5 33. Kg3 Bb3 34. Rdd2 Rch5 35. f4 Rb8 36. Nd5 Bxd5 37. Rxd5 Rxd5 38. exd5 b4 39. axb4 axb4 40. Rd2 bxc3 41. bxc3 Rc8 42. Rd3 f5 43. Kf2 Rc4 44. Kf3 Kg7 45. Re3 Kh6 46. Kg3 Kh5 47. Rxe7 Rxc3+ 48. Kf2 Rd3 49. Rh7+ Kg4 50. Rg7 Rxd5 51. Rxg6+ Kxh4 52. Ke3 Kh5 53. Rg5+ Kh6 54. Rg1 Rb5 55. Kd4 Rb4+ 56. Kd5 Rxf4 57. Kxd6 Rg4 58. Rh1+ Kg5 59. Rh8 Re4 60. Kd5 Re1 61. Kd4 f4 62. Rg8+ Kh4 63. Rh8+ Kg3 64. Rg8+ Kf2 65. Kd3 f3 66. Kd2 Rg1 67. Rh8 Rg3 68. Rh7 Kg2 69. Rf7 Rg6 70. Ke3 Re6+ 71. Kd2 f2 72. Rg7+ Kf1 73. Rh7 Rg6 74. Rh5 Kg2 0-1

[Event "Daventry 4NCL U2000"]
[Site "Daventry"]
[Date "2025.04.19"]
[Round "3.4"]
[White "Willow, Hambel M"]
[Black "Liu, Jacob"]
[Result "1-0"]
[WhiteElo "1850"]
[BlackElo "1858"]
[PlyCount "75"]
[EventDate "2025.04.18"]
[EventType "swiss"]
[EventRounds "7"]
[EventCountry "ENG"]
[SourceTitle "BritBase"]
[Source "John Saunders"]
[SourceDate "2025.09.17"]
[SourceVersion "1"]
[SourceVersionDate "2025.09.17"]
[SourceQuality "1"]

1. d4 d5 2. c4 c6 3. Nc3 Nf6 4. Nf3 e6 5. Bg5 Nbd7 6. e3 Be7 7. Qc2 O-O 8. Bd3 dxc4 9. Bxc4 b5 10. Bd3 a6 11. O-O c5 12. Bxf6 Nxf6 13. Ne4 cxd4 14. Nxd4 h6 15. Nxf6+ gxf6 16. Be4 Rb8 17. Nc6 Qd6 18. Rfd1 Qc7 19. Nxb8 Qxb8 20. Qc6 e5 21. Rac1 a5 22. Qc7 Qxc7 23. Rxc7 Bg4 24. f3 Bd8 25. Rxd8 Rxd8 26. fxg4 Rd1+ 27. Kf2 Rd2+ 28. Kf3 Rxb2 29. Bd5 a4 30. Rxf7 e4+ 31. Kxe4 Rxg2 32. Rxf6+ Kg7 33. Rf7+ Kg6 34. h3 b4 35. Rb7 Rb2 36. h4 Rg2 37. Ke5 Rb2 38. Be4# 1-0

[Event "Daventry 4NCL U2000"]
[Site "Daventry"]
[Date "2025.04.19"]
[Round "3.5"]
[White "Ronald, Ted"]
[Black "Jackson, Gary C"]
[Result "0-1"]
[WhiteElo "1826"]
[BlackElo "1950"]
[PlyCount "101"]
[EventDate "2025.04.18"]
[EventType "swiss"]
[EventRounds "7"]
[EventCountry "ENG"]
[SourceTitle "BritBase"]
[Source "John Saunders"]
[SourceDate "2025.09.17"]
[SourceVersion "1"]
[SourceVersionDate "2025.09.17"]
[SourceQuality "1"]

1. e4 c5 2. d4 cxd4 3. c3 dxc3 4. Nxc3 e6 5. Nf3 Ne7 6. Bc4 Ng6 7. O-O a6 8. Qe2 b5 9. Bb3 Bb7 10. Be3 Be7 11. Rfd1 O-O 12. Rd2 d6 13. Rad1 Nd7 14. Bc2 Rc8 15. g3 Nge5 16. Bb3 Nc4 17. Bxc4 Rxc4 18. a4 Qa5 19. axb5 axb5 20. Nd4 Ba6 21. Qe1 b4 22. Ra1 Qh5 23. Rxa6 bxc3 24. bxc3 Ne5 25. f4 Rxd4 26. fxe5 Rxd2 27. Qxd2 Qxe5 28. Qd4 Qb5 29. Ra7 Bf6 30. Qb4 Qe2 31. Bf2 Be5 32. Rb7 h5 33. Rb8 Rxb8 34. Qxb8+ Kh7 35. Qb1 g6 36. Bd4 Bxd4+ 37. cxd4 Qe3+ 38. Kg2 Qxd4 39. Qe1 d5 40. exd5 exd5 41. Qf1 Qe4+ 42. Kg1 Kg7 43. Qa1+ d4 44. Kf2 Qe3+ 45. Kf1 Kh7 46. Qa7 Qf3+ 47. Kg1 d3 48. Qf2 Qxf2+ 49. Kxf2 Kh6 50. h4 g5 51. Ke3 0-1

[Event "Daventry 4NCL U2000"]
[Site "Daventry"]
[Date "2025.04.19"]
[Round "3.6"]
[White "Bowman, Richard L"]
[Black "Johnson, Richard J"]
[Result "0-1"]
[WhiteElo "1776"]
[BlackElo "1894"]
[PlyCount "65"]
[EventDate "2025.04.18"]
[EventType "swiss"]
[EventRounds "7"]
[EventCountry "ENG"]
[SourceTitle "BritBase"]
[Source "John Saunders"]
[SourceDate "2025.09.17"]
[SourceVersion "1"]
[SourceVersionDate "2025.09.17"]
[SourceQuality "1"]

1. d4 d6 2. e4 g6 3. Nc3 Bg7 4. Bc4 Nf6 5. h3 O-O 6. Nf3 Nxe4 7. Bxf7+ Rxf7 8. Nxe4 e6 9. Bg5 Qf8 10. c3 Nc6 11. Qb3 d5 12. Ned2 e5 13. dxe5 Nxe5 14. Nxe5 Bxe5 15. Qxd5 Bf5 16. O-O Bg7 17. g4 c6 18. Qg2 Bd3 19. Rfe1 Qc5 20. Be3 Qb5 21. Nb3 Re8 22. Bd4 Rfe7 23. Rxe7 Rxe7 24. Qg3 Bxd4 25. Nxd4 Qxb2 26. Rd1 Bc4 27. Qb8+ Kg7 28. Qd6 Rf7 29. Qe5+ Kg8 30. Qe8+ Rf8 31. Qe3 Qxa2 32. Nf3 Qe2 33. Rd4 0-1

[Event "Daventry 4NCL U2000"]
[Site "Daventry"]
[Date "2025.04.19"]
[Round "3.7"]
[White "Saha, Soumil"]
[Black "Gibson, Christopher A"]
[Result "1-0"]
[WhiteElo "1674"]
[BlackElo "1886"]
[PlyCount "167"]
[EventDate "2025.04.18"]
[EventType "swiss"]
[EventRounds "7"]
[EventCountry "ENG"]
[SourceTitle "BritBase"]
[Source "John Saunders"]
[SourceDate "2025.09.17"]
[SourceVersion "1"]
[SourceVersionDate "2025.09.17"]
[SourceQuality "1"]

1. d4 Nf6 2. Nc3 d5 3. Bf4 c5 4. Nf3 cxd4 5. Qxd4 a6 6. Bxb8 Rxb8 7. O-O-O e6 8. e4 g6 9. exd5 Bh6+ 10. Kb1 O-O 11. Qe5 Nd7 12. Qg3 Bg7 13. dxe6 fxe6 14. Nd4 Qb6 15. Na4 Qb4 16. Qb3 Qxb3 17. axb3 b5 18. Nc3 Rb6 19. f3 e5 20. Nde2 Nf6 21. Ng3 Bb7 22. Bd3 Re6 23. Nge4 Nd5 24. Nc5 Nxc3+ 25. bxc3 Re7 26. Nxb7 Rxb7 27. Be4 Rc7 28. Rd3 Rfc8 29. Kb2 b4 30. c4 a5 31. Ra1 Rc5 32. c3 Bh6 33. Rd5 bxc3+ 34. Kxc3 Rxd5 35. Bxd5+ Kf8 36. Rxa5 Be3 37. Ra8 Rxa8 38. Bxa8 Ke7 39. Kd3 Bc5 40. Bc6 Kd6 41. Bd5 Bb4 42. g4 h6 43. Bf7 g5 44. Ke4 Ke7 45. Bg6 Ke6 46. Bf5+ Kd6 47. Bc8 Bc3 48. Kf5 Ke7 49. Kg6 Bb4 50. Kxh6 Kf6 51. Kh5 Be1 52. Bf5 Bd2 53. h4 gxh4 54. Kxh4 Bb4 55. Kg3 Kg5 56. Kf2 Kf4 57. Ke2 Be7 58. Be4 Bc5 59. Kd3 Bb4 60. c5 Bxc5 61. Kc4 Be3 62. b4 Kg5 63. Kd5 Kf6 64. Kc6 Ke7 65. b5 Kd8 66. Bf5 Bd4 67. b6 Be3 68. b7 Ba7 69. g5 Bb8 70. g6 Ke7 71. g7 Kf7 72. g8=Q+ Kxg8 73. Kd7 Kf7 74. Kc8 Bd6 75. b8=Q Bxb8 76. Kxb8 Kf6 77. Be4 Ke6 78. Kc7 Ke7 79. Kc6 Ke6 80. Kc5 Ke7 81. Kd5 Kf6 82. Kd6 Kf7 83. Kxe5 Ke7 84. Bd5 1-0

[Event "Daventry 4NCL U2000"]
[Site "Daventry"]
[Date "2025.04.19"]
[Round "3.8"]
[White "Roychowdhury, Aashita"]
[Black "Griffin-Young, Sebastian"]
[Result "0-1"]
[WhiteElo "1654"]
[BlackElo "1875"]
[PlyCount "130"]
[EventDate "2025.04.18"]
[EventType "swiss"]
[EventRounds "7"]
[EventCountry "ENG"]
[SourceTitle "BritBase"]
[Source "John Saunders"]
[SourceDate "2025.09.17"]
[SourceVersion "1"]
[SourceVersionDate "2025.09.17"]
[SourceQuality "1"]

1. e4 c5 2. Nf3 g6 3. d4 cxd4 4. Nxd4 Nf6 5. Nc3 d6 6. Bc4 Bg7 7. Nf3 Nc6 8. h3 O-O 9. O-O Bd7 10. Be3 Qa5 11. Bb3 Rac8 12. Qd2 Qh5 13. Nh2 b5 14. a3 a6 15. f3 Ne5 16. Nd5 Nxd5 17. Bxd5 Nc4 18. Bxc4 Rxc4 19. c3 Rfc8 20. Bd4 Bxd4+ 21. cxd4 Rc2 22. Qd3 Bxh3 23. Rf2 Rc1+ 24. Rxc1 Rxc1+ 25. Rf1 Qg5 26. Qe2 Rc4 27. d5 Bd7 28. Rd1 Rc1 29. Rxc1 Qxc1+ 30. Kf2 a5 31. Nf1 b4 32. axb4 axb4 33. Ne3 Qc5 34. Qc2 Qd4 35. Ke2 Bb5+ 36. Kf2 Ba6 37. Qc1 f5 38. Qc6 Qxb2+ 39. Nc2 Bb5 40. Qxb5 Qxc2+ 41. Kg3 Kf7 42. Qxb4 fxe4 43. fxe4 Qd3+ 44. Kf4 h6 45. Qe1 g5+ 46. Kg4 Kg6 47. g3 h5+ 48. Kh3 h4 49. e5 Qxg3+ 50. Qxg3 hxg3 51. exd6 exd6 52. Kxg3 Kf5 53. Kf3 Ke5 54. Kg4 Kxd5 55. Kxg5 Ke4 56. Kg4 d5 57. Kg5 d4 58. Kg6 d3 59. Kg7 d2 60. Kh7 d1=Q 61. Kh8 Qg4 62. Kh7 Qg5 63. Kh8 Kf5 64. Kh7 Kf6 65. Kh8 Qg7# 0-1

[Event "Daventry 4NCL U2000"]
[Site "Daventry"]
[Date "2025.04.19"]
[Round "3.9"]
[White "Wheeler, Tim"]
[Black "Slinger, AJ (Tony)"]
[Result "0-1"]
[WhiteElo "1863"]
[BlackElo "1848"]
[PlyCount "78"]
[EventDate "2025.04.18"]
[EventType "swiss"]
[EventRounds "7"]
[EventCountry "ENG"]
[SourceTitle "BritBase"]
[Source "John Saunders"]
[SourceDate "2025.09.17"]
[SourceVersion "1"]
[SourceVersionDate "2025.09.17"]
[SourceQuality "1"]

1. Nf3 Nf6 2. g3 g6 3. b3 Bg7 4. Bb2 d6 5. Bg2 O-O 6. O-O c5 7. c4 Nc6 8. d3 Rb8 9. Na3 a6 10. e3 e5 11. Nd2 Bg4 12. f3 Be6 13. Ne4 Qe7 14. Qe2 Nd7 15. f4 h6 16. g4 f5 17. gxf5 gxf5 18. Ng3 Kh7 19. Nh5 Bh8 20. Kh1 Nf6 21. Rg1 Rg8 22. Raf1 Nxh5 23. Qxh5 Rbf8 24. Nb1 Qf7 25. Qh3 Rg4 26. Bf3 Rxg1+ 27. Rxg1 Rg8 28. Bh5 Rxg1+ 29. Kxg1 Qg8+ 30. Kf1 exf4 31. Bxh8 Qxh8 32. Qg2 Qg7 33. Bf3 Qxg2+ 34. Bxg2 fxe3 35. Ke2 f4 36. Bxc6 bxc6 37. Nc3 Bg4+ 38. Ke1 f3 39. Ne4 f2+ 0-1

[Event "Daventry 4NCL U2000"]
[Site "Daventry"]
[Date "2025.04.19"]
[Round "3.10"]
[White "Bellano, Harry"]
[Black "Matthews, Adrian MS"]
[Result "1/2-1/2"]
[WhiteElo "1645"]
[BlackElo "1855"]
[PlyCount "93"]
[EventDate "2025.04.18"]
[EventType "swiss"]
[EventRounds "7"]
[EventCountry "ENG"]
[SourceTitle "BritBase"]
[Source "John Saunders"]
[SourceDate "2025.09.17"]
[SourceVersion "1"]
[SourceVersionDate "2025.09.17"]
[SourceQuality "1"]

1. e4 c5 2. Nf3 Nc6 3. c3 g6 4. d4 cxd4 5. cxd4 Bg7 6. Nc3 d6 7. Bc4 Nf6 8. d5 Ne5 9. Nxe5 dxe5 10. Bb5+ Bd7 11. Bxd7+ Qxd7 12. O-O O-O 13. f3 Ne8 14. Qa4 Qxa4 15. Nxa4 Nd6 16. Bg5 f6 17. Be3 b6 18. Rac1 Rac8 19. Rxc8 Rxc8 20. Rc1 Rxc1+ 21. Bxc1 Kf7 22. Kf2 f5 23. Nc3 e6 24. dxe6+ Kxe6 25. Ke2 f4 26. a4 a6 27. Nd5 b5 28. Nc7+ Kf6 29. Nxa6 bxa4 30. Nc5 h5 31. Nxa4 g5 32. h3 g4 33. hxg4 hxg4 34. Nc3 g3 35. b4 Bf8 36. b5 Nb7 37. Kd3 Ke6 38. Na4 Bd6 39. Bd2 Ba3 40. Kc4 Nd6+ 41. Kb3 Nxb5 42. Nc3 Nxc3 43. Kxc3 Bc5 44. Kc4 Bf2 45. Bb4 Be3 46. Bc5 Bd2 47. Kd3 1/2-1/2

[Event "Daventry 4NCL U2000"]
[Site "Daventry"]
[Date "2025.04.19"]
[Round "3.11"]
[White "Obi, Okwose Marc"]
[Black "Robinson, Brian"]
[Result "1-0"]
[WhiteElo "1896"]
[BlackElo "1742"]
[PlyCount "33"]
[EventDate "2025.04.18"]
[EventType "swiss"]
[EventRounds "7"]
[EventCountry "ENG"]
[SourceTitle "BritBase"]
[Source "John Saunders"]
[SourceDate "2025.09.17"]
[SourceVersion "1"]
[SourceVersionDate "2025.09.17"]
[SourceQuality "1"]

1. c4 Nf6 2. g3 e6 3. Bg2 d5 4. Nf3 Be7 5. O-O O-O 6. d4 Nbd7 7. Nbd2 c6 8. Qc2 b6 9. e4 dxe4 10. Nxe4 Bb7 11. Ne5 Rc8 12. Rd1 Qc7 13. Bf4 Nh5 14. Ng6 Nxf4 15. Nxe7+ Kh8 16. Nxc8 Nxg2 17. Ncd6 1-0

[Event "Daventry 4NCL U2000"]
[Site "Daventry"]
[Date "2025.04.19"]
[Round "3.12"]
[White "Waterfield, Mark B"]
[Black "Waterman, Nick I"]
[Result "1-0"]
[WhiteElo "1990"]
[BlackElo "1659"]
[PlyCount "43"]
[EventDate "2025.04.18"]
[EventType "swiss"]
[EventRounds "7"]
[EventCountry "ENG"]
[SourceTitle "BritBase"]
[Source "John Saunders"]
[SourceDate "2025.09.17"]
[SourceVersion "1"]
[SourceVersionDate "2025.09.17"]
[SourceQuality "1"]

1. e4 e6 2. d4 d5 3. Nd2 dxe4 4. Nxe4 Nd7 5. Nf3 Ngf6 6. Ng3 Be7 7. Bd3 O-O 8. Bg5 b6 9. Qe2 Bb7 10. O-O-O a5 11. Rhe1 Qc8 12. c3 Ba6 13. Ne5 Bxd3 14. Rxd3 Nxe5 15. dxe5 Nd5 16. Bxe7 Nxe7 17. Qg4 f5 18. Qg5 Qe8 19. Nh5 Ng6 20. Red1 Rc8 21. Rd7 h6 22. Rxg7+ 1-0

[Event "Daventry 4NCL U2000"]
[Site "Daventry"]
[Date "2025.04.19"]
[Round "3.13"]
[White "Dunkley, Michael"]
[Black "Delaney, Jacob"]
[Result "1-0"]
[WhiteElo "1825"]
[BlackElo "1489"]
[PlyCount "59"]
[EventDate "2025.04.18"]
[EventType "swiss"]
[EventRounds "7"]
[EventCountry "ENG"]
[SourceTitle "BritBase"]
[Source "John Saunders"]
[SourceDate "2025.09.17"]
[SourceVersion "1"]
[SourceVersionDate "2025.09.17"]
[SourceQuality "1"]

1. Nf3 Nf6 2. c4 g6 3. b3 Bg7 4. Bb2 d6 5. d4 O-O 6. g3 Bg4 7. Bg2 c5 8. d5 e6 9. h3 Bxf3 10. Bxf3 e5 11. Nc3 Na6 12. e4 Rb8 13. h4 h5 14. g4 Nxg4 15. Bxg4 hxg4 16. Qxg4 Nb4 17. O-O-O Qf6 18. a3 Na6 19. Rh2 Bh6+ 20. Kc2 Qf4 21. Qg2 Nc7 22. Bc1 Qf6 23. Bxh6 Rfe8 24. h5 b5 25. Bg5 Qg7 26. hxg6 fxg6 27. Bh6 Qf7 28. Rg1 Kh7 29. Qh3 Rh8 30. Bf8+ 1-0

[Event "Daventry 4NCL U2000"]
[Site "Daventry"]
[Date "2025.04.19"]
[Round "3.14"]
[White "Dean, Robert A"]
[Black "Lawrence, Spencer"]
[Result "1-0"]
[WhiteElo "1790"]
[BlackElo "1825"]
[PlyCount "63"]
[EventDate "2025.04.18"]
[EventType "swiss"]
[EventRounds "7"]
[EventCountry "ENG"]
[SourceTitle "BritBase"]
[Source "John Saunders"]
[SourceDate "2025.09.17"]
[SourceVersion "1"]
[SourceVersionDate "2025.09.17"]
[SourceQuality "1"]

1. e4 e5 2. Nf3 Nf6 3. Nxe5 Nxe4 4. Qe2 Qe7 5. Qxe4 d6 6. d4 dxe5 7. dxe5 Nc6 8. Bb5 Bd7 9. O-O O-O-O 10. Nc3 Nxe5 11. Bxd7+ Nxd7 12. Qa4 a6 13. Nd5 Qc5 14. c4 Nb6 15. Nxb6+ Qxb6 16. a3 Bc5 17. b4 Bd4 18. Rb1 Rhe8 19. Bf4 Re2 20. Bg3 Qg6 21. Rbc1 Qg5 22. Rcd1 f5 23. Qa5 Bb6 24. Rxd8+ Qxd8 25. Qxf5+ Kb8 26. c5 g6 27. Qf3 Re6 28. cxb6 Rxb6 29. Rd1 Qg5 30. h4 Qb5 31. Qf8+ Ka7 32. Bxc7 1-0

[Event "Daventry 4NCL U2000"]
[Site "Daventry"]
[Date "2025.04.19"]
[Round "3.15"]
[White "Poderico, Francesco"]
[Black "White, Nicholas E"]
[Result "1-0"]
[WhiteElo "1756"]
[BlackElo "1703"]
[PlyCount "49"]
[EventDate "2025.04.18"]
[EventType "swiss"]
[EventRounds "7"]
[EventCountry "ENG"]
[SourceTitle "BritBase"]
[Source "John Saunders"]
[SourceDate "2025.09.17"]
[SourceVersion "1"]
[SourceVersionDate "2025.09.17"]
[SourceQuality "1"]

1. d4 c6 2. c4 d5 3. e3 Nf6 4. Nf3 e6 5. Nbd2 Nbd7 6. Bd3 Bd6 7. O-O O-O 8. e4 dxe4 9. Nxe4 Nxe4 10. Bxe4 Nf6 11. Bc2 Re8 12. Bg5 Be7 13. Qd3 g6 14. Ne5 Nd7 15. Bxe7 Qxe7 16. Rad1 Rd8 17. Qe3 Nxe5 18. dxe5 b6 19. Rxd8+ Qxd8 20. Rd1 Qe7 21. Rd6 c5 22. Be4 Rb8 23. Qd2 Kg7 24. Rd8 Qc7 25. Qd6 1-0

[Event "Daventry 4NCL U2000"]
[Site "Daventry"]
[Date "2025.04.20"]
[Round "4.1"]
[White "Carter, Bowie"]
[Black "Dhingra, Kanvansh"]
[Result "1/2-1/2"]
[WhiteElo "1858"]
[BlackElo "1749"]
[PlyCount "88"]
[EventDate "2025.04.18"]
[EventType "swiss"]
[EventRounds "7"]
[EventCountry "ENG"]
[SourceTitle "BritBase"]
[Source "John Saunders"]
[SourceDate "2025.09.17"]
[SourceVersion "1"]
[SourceVersionDate "2025.09.17"]
[SourceQuality "1"]

1. e4 e6 2. b3 d5 3. Bb2 dxe4 4. Nc3 Nf6 5. Qe2 Be7 6. O-O-O Nc6 7. Nxe4 a5 8. a4 Nd4 9. Qd3 Nxe4 10. Qxe4 Bf6 11. Ba3 Bd7 12. Ne2 Bc6 13. Qg4 Nf5 14. Nc3 Qd4 15. Qxd4 Nxd4 16. f3 O-O-O 17. Ne4 Be5 18. Bb2 Bxe4 19. fxe4 Nc6 20. Bxe5 Nxe5 21. Be2 Nc6 22. c3 e5 23. h4 Rd6 24. h5 Ne7 25. g4 h6 26. Rh3 c5 27. Kc2 Nc6 28. Rf3 f6 29. Rd3 Rhd8 30. Rxd6 Rxd6 31. Bc4 Kc7 32. d3 Nb8 33. Kd2 Nd7 34. Ke3 Nf8 35. d4 cxd4+ 36. cxd4 exd4+ 37. Rxd4 Rxd4 38. Kxd4 Kd6 39. Bd5 b6 40. Kc4 Nd7 41. Kb5 Kc7 42. Be6 Nc5 43. Bd5 Nd3 44. Be6 Nc5 1/2-1/2

[Event "Daventry 4NCL U2000"]
[Site "Daventry"]
[Date "2025.04.20"]
[Round "4.2"]
[White "Ireland, David J"]
[Black "Willow, Hambel M"]
[Result "1-0"]
[WhiteElo "1967"]
[BlackElo "1850"]
[PlyCount "53"]
[EventDate "2025.04.18"]
[EventType "swiss"]
[EventRounds "7"]
[EventCountry "ENG"]
[SourceTitle "BritBase"]
[Source "John Saunders"]
[SourceDate "2025.09.17"]
[SourceVersion "1"]
[SourceVersionDate "2025.09.17"]
[SourceQuality "1"]

1. d4 d5 2. Bf4 Nf6 3. e3 Bf5 4. c4 c6 5. Qb3 Qb6 6. c5 Qxb3 7. axb3 Nbd7 8. h3 h6 9. Nf3 e6 10. b4 Be7 11. b5 cxb5 12. Bxb5 O-O 13. Nc3 a6 14. Be2 Rfc8 15. O-O Ne4 16. Rfc1 Bd8 17. b4 Nxc3 18. Rxc3 f6 19. Rca3 Be4 20. Bd6 Bxf3 21. Bxf3 Nb8 22. b5 a5 23. e4 e5 24. dxe5 fxe5 25. Bg4 Rc7 26. Bxc7 Bxc7 27. exd5 1-0

[Event "Daventry 4NCL U2000"]
[Site "Daventry"]
[Date "2025.04.20"]
[Round "4.3"]
[White "Johnson, Richard J"]
[Black "Kearney, James I G"]
[Result "1/2-1/2"]
[WhiteElo "1894"]
[BlackElo "1995"]
[PlyCount "81"]
[EventDate "2025.04.18"]
[EventType "swiss"]
[EventRounds "7"]
[EventCountry "ENG"]
[SourceTitle "BritBase"]
[Source "John Saunders"]
[SourceDate "2025.09.17"]
[SourceVersion "1"]
[SourceVersionDate "2025.09.17"]
[SourceQuality "1"]

1. e4 e5 2. Nf3 Nc6 3. d4 exd4 4. Nxd4 Bc5 5. Be3 Qf6 6. c3 Nge7 7. Bc4 O-O 8. O-O Bb6 9. Nc2 d6 10. Bxb6 axb6 11. Ne3 Be6 12. Bxe6 Qxe6 13. Nd5 Qd7 14. c4 Nxd5 15. cxd5 Ne7 16. Nc3 f5 17. Qd3 fxe4 18. Qxe4 Ng6 19. f4 Rae8 20. Qd4 Qg4 21. g3 h5 22. Qd1 Qh3 23. Qf3 Re7 24. Qg2 Qf5 25. Rae1 Rfe8 26. Qf2 h4 27. Rxe7 Rxe7 28. Re1 h3 29. Rxe7 Nxe7 30. Qd2 b5 31. a3 c6 32. dxc6 Qc5+ 33. Qf2 Qxc6 34. Qe2 b4 35. axb4 Kf8 36. b5 Qc5+ 37. Qf2 Qf5 38. Qe2 Qc5+ 39. Qf2 Qf5 40. Qe2 Qc5+ 41. Qf2 1/2-1/2

[Event "Daventry 4NCL U2000"]
[Site "Daventry"]
[Date "2025.04.20"]
[Round "4.4"]
[White "Jackson, Gary C"]
[Black "Saha, Soumil"]
[Result "1-0"]
[WhiteElo "1950"]
[BlackElo "1674"]
[PlyCount "73"]
[EventDate "2025.04.18"]
[EventType "swiss"]
[EventRounds "7"]
[EventCountry "ENG"]
[SourceTitle "BritBase"]
[Source "John Saunders"]
[SourceDate "2025.09.17"]
[SourceVersion "1"]
[SourceVersionDate "2025.09.17"]
[SourceQuality "1"]

1. e4 d6 2. d4 Nf6 3. Nd2 g6 4. h3 Bg7 5. Ngf3 Nc6 6. Bc4 e5 7. c3 O-O 8. O-O b6 9. Bb3 Nh5 10. Re1 exd4 11. cxd4 Nxd4 12. Nxd4 Bxd4 13. Nf3 Bg7 14. Bg5 Qd7 15. Qd2 Qb5 16. Rac1 c5 17. Bd5 Rb8 18. Be7 Qxb2 19. Bxd6 Qxd2 20. Nxd2 Bh6 21. Rc2 Ba6 22. Bxb8 Rxb8 23. Nf3 Nf4 24. Bc4 Bxc4 25. Rxc4 Nd3 26. Rb1 Re8 27. g3 Re6 28. Kg2 Kf8 29. a3 Ke8 30. Rc3 Ne5 31. Nxe5 Rxe5 32. Kf3 Kd7 33. Rd1+ Kc7 34. Rd5 Re7 35. Rc2 Bg7 36. a4 Bd4 37. Rxd4 1-0

[Event "Daventry 4NCL U2000"]
[Site "Daventry"]
[Date "2025.04.20"]
[Round "4.5"]
[White "Griffin-Young, Sebastian"]
[Black "Tart, Peter K"]
[Result "1-0"]
[WhiteElo "1875"]
[BlackElo "1935"]
[PlyCount "103"]
[EventDate "2025.04.18"]
[EventType "swiss"]
[EventRounds "7"]
[EventCountry "ENG"]
[SourceTitle "BritBase"]
[Source "John Saunders"]
[SourceDate "2025.09.17"]
[SourceVersion "1"]
[SourceVersionDate "2025.09.17"]
[SourceQuality "1"]

1. c4 f5 2. g3 Nf6 3. Bg2 e5 4. Nc3 Be7 5. Nf3 d6 6. d3 O-O 7. O-O Nc6 8. a3 a5 9. Ne1 Qe8 10. Bg5 Qh5 11. Bxf6 Bxf6 12. Nd5 Bd8 13. e3 Qxd1 14. Rxd1 a4 15. Nc2 Ne7 16. Ncb4 Nxd5 17. Nxd5 c6 18. Nc3 Be6 19. Bf3 Bf6 20. e4 fxe4 21. Bxe4 Bg4 22. Rb1 Bh3 23. Rfe1 Bd8 24. b3 Bb6 25. Re2 Bd4 26. Rc2 axb3 27. Rxb3 Rf7 28. Bg2 Bf5 29. Nb5 Bc5 30. Rd2 Be6 31. Nc3 Rxa3 32. Rxa3 Bxa3 33. Ne4 Rd7 34. Ra2 Bc1 35. f4 Be3+ 36. Kf1 h6 37. fxe5 dxe5 38. Ke2 Bd4 39. h3 b5 40. Ra8+ Kf7 41. cxb5 cxb5 42. Rb8 Ra7 43. Rxb5 Ra2+ 44. Kf3 Kg6 45. g4 Bd7 46. Rd5 Ba4 47. Rd6+ Kh7 48. g5 Bd1+ 49. Kg3 h5 50. h4 Bg4 51. g6+ Kh6 52. Ng5 1-0

[Event "Daventry 4NCL U2000"]
[Site "Daventry"]
[Date "2025.04.20"]
[Round "4.6"]
[White "Slinger, AJ (Tony)"]
[Black "Obi, Okwose Marc"]
[Result "0-1"]
[WhiteElo "1848"]
[BlackElo "1896"]
[PlyCount "124"]
[EventDate "2025.04.18"]
[EventType "swiss"]
[EventRounds "7"]
[EventCountry "ENG"]
[SourceTitle "BritBase"]
[Source "John Saunders"]
[SourceDate "2025.09.17"]
[SourceVersion "1"]
[SourceVersionDate "2025.09.17"]
[SourceQuality "1"]

1. d4 d5 2. Nf3 Nf6 3. e3 Bf5 4. Bd3 Bxd3 5. Qxd3 Nbd7 6. Nbd2 e6 7. b3 Bd6 8. Bb2 Qe7 9. O-O O-O 10. e4 dxe4 11. Nxe4 Nxe4 12. Qxe4 c6 13. c4 Qf6 14. Rad1 Rad8 15. Bc1 Qg6 16. Qxg6 hxg6 17. Bb2 Nf6 18. g3 Bc7 19. b4 Rfe8 20. Rfe1 Re7 21. Ne5 Nd7 22. Kf1 Nb6 23. Rc1 Bxe5 24. Rxe5 Red7 25. h4 Nc8 26. a4 Ne7 27. g4 b6 28. Re3 a6 29. Ra3 Nc8 30. b5 axb5 31. axb5 cxb5 32. cxb5 Ne7 33. Rac3 Rxd4 34. Rc7 Rd1+ 35. Rxd1 Rxd1+ 36. Ke2 Rb1 37. Rxe7 Rxb2+ 38. Ke3 Rxb5 39. Re8+ Kh7 40. Re7 Rb3+ 41. Kf4 Rb4+ 42. Kf3 f5 43. Rxe6 Rxg4 44. Rxb6 Rxh4 45. Kg3 g5 46. Ra6 Rb4 47. Rc6 Rb3+ 48. Kg2 g4 49. Ra6 g6 50. Ra7+ Kh6 51. Ra8 f4 52. Ra5 Rb2 53. Kg1 Rb3 54. Kg2 g3 55. fxg3 Rxg3+ 56. Kf2 g5 57. Rb5 Kh5 58. Ra5 Kg4 59. Ra8 Rb3 60. Ra5 Rb2+ 61. Kg1 f3 62. Rc5 Kf4 0-1